000 00630nam a2200193 i 4500
001 189811
003 ES-MaACL
005 20230906223548.0
008 191128s1966 sp |||| | spa d
100 1 _aLincoln, Charles.
_9168921
245 1 0 _aPor orden del gobierno militar /
_cCharles Lincoln ; traducción María Rosario Sanagustín.
260 _aBarcelona :
_bDima,
_c1966.
300 _a305 p. ;
_c23 cm.
490 1 _aColección "Nuestros días" ;
_v3
700 1 _aSanagustín, María Rosario.
_9102323
830 0 _aColección "Nuestros días" ;
_v3
_9193408
852 _aES-MaACL
_jP-1091-3
999 _c189811
_d189811